Konkurzy - ich riadenie v podmienkach Slovenskej republiky
Pokračovanie z HN č. 120/01. Dokončenie daňovej problematiky v konkurznom konaní. Inventarizácia majetku, audit, prevzatie KP. Pokračovanie v ďalšom čísle.
Salvato in:
| Autore principale: | |
|---|---|
| Natura: | Capitolo di libro |
| Lingua: | slovacco |
| Soggetti: | |
| Tags: |
Nessun Tag, puoi essere il primo ad aggiungerne!!
|
MARC
| LEADER | 00000naa a2200000 4500 | ||
|---|---|---|---|
| 001 | r042107 | ||
| 005 | 20230801100032.7 | ||
| 041 | 0 | |a slo | |
| 044 | |a SK | ||
| 245 | 1 | 0 | |a Konkurzy - ich riadenie v podmienkach Slovenskej republiky |c Miroslav Šefčík |
| 520 | |a Pokračovanie z HN č. 120/01. Dokončenie daňovej problematiky v konkurznom konaní. Inventarizácia majetku, audit, prevzatie KP. Pokračovanie v ďalšom čísle. | ||
| 610 | 2 | 0 | |a konkurzy |
| 610 | 2 | 0 | |a dane cestné |
| 610 | 2 | 0 | |a dane z hodnoty pridanej |
| 610 | 2 | 0 | |a dane z nehnuteľností |
| 610 | 2 | 0 | |a inventarizácia |
| 610 | 2 | 0 | |a audit |
| 610 | 2 | 0 | |a Slovensko |
| 100 | 1 | |a Šefčík, Miroslav | |